000 00763nam a22002177a 4500
003 OSt
005 20260623082126.0
008 260623b ar ||||| |||| 00| | spa d
040 _aHCSPBA
041 _aspa
100 _aGuerra, José
245 _aHistoria de la revolución de Nueva España, antiguamente Anahuac :
_bVerdadero origen y causas de ella con la relación de sus progresos hasta el presente año de 1813.
_nTomo 2.
260 _aMéxico.
_bCámara de Diputados
_c[19--].
300 _a2 v.
500 _aEsta edición fue tomada literalmente de la primera, hecha en Londres, en la Imprenta de Guillermo Glindon, en el año 1813
650 _aCOLONIZACION
650 _aHISTORIA
651 _aESPAÑA
651 _aAMERICA
942 _cLIB
999 _c65144
_d134613